[Event "Maia Cup 2019"]
[Site "Tbilisi"]
[Date "2019.09.06"]
[Round "5.3"]
[White "Arutinian, David"]
[Black "Maghalashvili, Davit"]
[Result "1/2-1/2"]
[WhiteElo "2551"]
[BlackElo "2500"]
[Annotator "TA"]
[PlyCount "142"]
[EventDate "2019.09.05"]
[EventType "swiss"]
[EventCountry "GEO"]
[SourceTitle "playchess.com"]
[Source "ChessBase"]
[SourceQuality "1"]

{[%evp 9,142,0,35,17,22,11,13,12,11,-28,-7,-14,66,56,66,70,60,0,18,0,57,33,39,49,37,18,27,35,81,75,73,33,85,50,62,41,48,0,0,0,26,32,48,-56,18,14,90,84,75,72,88,82,98,81,62,33,37,18,18,18,18,25,23,22,100,105,89,100,87,-225,-233,-242,-235,-233,-221,-237,-254,-359,-356,-340,-347,-438,-312,-344,-325,-333,-311,-308,-282,-275,-229,-297,-286,-311,-331,-375,-375,-364,-364,-602,-583,-656,-667,-666,-618,-29988,-774,-1838,-1434,-5018,-754,-632,-661,-797,-802,-795,-795,-748,-760,-703,-725,-766,-736,-29991,-29992,-29992,-751,-1447,-1518,-1318,-1117,-1755,-1539,-1056,-954]} 1. Nf3 c5 2. c4 Nc6 3. Nc3 Nf6 4. e3 e5 5. a3 d6 (5... Be7 6. d4 exd4 7. exd4 d5 8. dxc5 d4 9. Nb5 O-O 10. Be2 Bxc5 11. b4 Bf5 12. Nh4 d3 13. Nxf5 {½-½ (32) Nepomniachtchi,I (2763)-Sjugirov,S (2663) St Petersburg 2018}) 6. Be2 {A34: Symmetrical English: 2 Nc3, lines with ...d5} Be7 7. O-O O-O 8. d4 {The position is equal.} e4 9. Ng5 Bf5 10. d5 h6 $146 (10... Ne5 $11) ({Predecessor:} 10... Ne5 11. Qc2 Nxd5 12. cxd5 Bxg5 13. Nxe4 {0-1 (38) Noroozi,O (2337)-Mousavi,S (2456) Hamedan 2017}) 11. dxc6 $14 hxg5 12. cxb7 Rb8 13. f3 Rxb7 14. fxe4 Be6 ({Better is} 14... Bg6 $11) 15. Bd3 Ng4 16. Nd5 Ne5 17. Be2 Bxd5 18. exd5 Qd7 19. Rb1 Rfb8 20. Qc2 g6 (20... Rb3 $14) 21. Bd2 Rb3 22. Bc3 Bf8 23. Rbe1 Bg7 24. Bd1 Rxc3 (24... Rxb2 $5 25. Bxb2 Rxb2 $11) 25. bxc3 (25. Qxc3 $2 {too greedy.} Nf3+ 26. Rxf3 Bxc3 $19) 25... Nxc4 26. Qa2 (26. Qe2 $14 Nb2 27. Qc2) 26... Ne5 (26... Nb2 $1 $15) 27. Be2 Qe7 (27... Bh6 $11 {keeps the balance.}) 28. Rb1 $16 Re8 29. Qd2 g4 30. e4 Qh4 31. Qf4 Bh6 32. Qf6 Bg5 33. Qxd6 {[#] Hoping for Rb8.} g3 {[%csl Gg3][%cal Rh4h2]} 34. h3 {Strongly threatening Rb8.} Qxe4 35. Bb5 Rd8 36. Qc7 Kg7 (36... Rxd5 $11 37. Bc6 (37. Rbe1 Be3+ 38. Kh1 Rd2 $11) 37... Qe3+ 38. Kh1 Rd2) 37. Rbe1 ({Inferior is} 37. Qxa7 Rh8 $17) 37... Be3+ 38. Kh1 Rh8 {[%cal Rh8h3]} 39. Rxf7+ $2 {[%mdl 8192]} (39. Bd7 $1 $16 {[%cal Rd7e6] is forced if you want to stay better. Be6 is the strong threat.} Nd3 40. Rxf7+ (40. Qxg3 Nxe1 41. Rxe1 Bf4 $14) 40... Kh6 41. Qxg3 Nxe1 42. Qxe1) 39... Nxf7 $19 {[%cal Rh8h3]} 40. Qxg3 Bf4 {Threatens to win with ...Rxh3+!} 41. Rxe4 Bxg3 42. Rg4 Bd6 43. Ra4 (43. Kg1 $142) 43... Rb8 44. c4 Rb7 {aiming for ...Bg3.} 45. Ra6 Kf6 46. Kg1 Ke5 47. Kf2 Ng5 48. Ke3 Ne4 49. Rc6 Rc7 50. Ra6 Ng3 51. Kd3 g5 52. Bc6 Nf5 53. Bb5 Nh4 54. Ke3 $2 (54. g3 Nf5 55. h4) 54... Nxg2+ 55. Kf3 Nf4 56. Kg4 Rh7 57. Kxg5 {If White can now play Rxd6 this consolidates a bit.} Nxh3+ (57... Be7+ $142 58. Kg4 Ke4 59. Kg3 Rxh3+ 60. Kg4 Rh2 61. Re6+ Nxe6 62. dxe6 Rh4+ 63. Kg3 Ke5 64. Kf2 Kxe6 65. a4 Ke5 66. a5 Kd4 67. Kf3 Bd6 68. Kf2 Bc7 69. Kg2 Bxa5 70. Kg3 Rh6 71. Kg4 a6 72. Bd7 Kxc4 73. Kg5 Rh2 74. Bc8 Bd2+ 75. Kg4 a5 76. Kg3 Rh6 77. Bd7 Kb3 78. Bg4 a4 79. Bd1+ Kb4 80. Bc2 a3 81. Bb1 c4 82. Kf3 Rh1 83. Ba2 c3 84. Kg2 Rh6 85. Bb1 {[#]} c2 $1 {[%mdl 576] Deflection, Promotion} 86. Bxc2 a2 87. Bh7 a1=Q 88. Bb1 Qxb1 89. Kf2 Qf5+ 90. Kg2 Qg4+ 91. Kf2 Rf6#) 58. Kg6 Rc7 59. Kh5 Nf4+ (59... Kf5 $142 60. Rxd6 Rh7+ 61. Rh6 Nf4+ 62. Kh4 Rxh6+ 63. Kg3 Nd3) 60. Kg4 Ne2 61. Be8 Re7 62. Ba4 Nd4 63. Kg3 Nf5+ 64. Kf2 Kd4 65. Bc2 Ne3 {And now ...Rf7+ would win.} 66. Bb3 Rf7+ 67. Ke2 Rb7 (67... Bg3 $142 68. Kd2 Rf2+ 69. Kc1 Kc3 70. Rf6 Rxf6 71. Kb1 Kxb3 72. Kc1 Rf2 73. d6 Ka2 74. d7 Rc2#) 68. Rxd6 {Black is clearly winning.} Rxb3 69. Ra6 Rb7 70. d6 Nxc4 71. Rc6 Kd5 {[%mdl 32768] Accuracy: White = 35%, Black = 63%. . An unexpected result.} 1/2-1/2

[Event "Maia Cup 2019"]
[Site "Tbilisi"]
[Date "2019.09.06"]
[Round "5.4"]
[White "Quparadze, Giga"]
[Black "Paichadze, Luka"]
[Result "1-0"]
[WhiteElo "2462"]
[BlackElo "2574"]
[Annotator "TA"]
[PlyCount "104"]
[EventDate "2019.09.05"]
[EventType "swiss"]
[EventCountry "GEO"]
[SourceTitle "playchess.com"]
[Source "ChessBase"]
[SourceQuality "1"]

{[%evp 19,104,5,14,10,28,35,16,31,44,37,26,-6,20,25,26,0,0,-9,29,25,34,30,31,30,69,63,72,69,64,68,86,78,77,65,96,100,84,80,83,92,88,95,112,96,110,85,155,132,191,175,199,202,168,133,219,216,195,143,170,115,157,154,152,147,308,312,292,304,351,394,643,633,613,608,625,608,608,602,707,698,1313,696,675,674,4874,4818,5306]} 1. e4 d6 2. d4 Nf6 3. Nc3 e5 4. Nf3 Nbd7 5. Bc4 Be7 6. O-O O-O 7. Re1 b6 8. b3 Bb7 9. Bb2 c6 10. a4 a6 11. Bd3 {C41: Philidor Defence} (11. d5 Nc5 12. dxc6 Bxc6 13. Nd2 Qd7 14. Qe2 Rfc8 15. Ba3 Ne6 16. g3 Nd4 17. Qd1 b5 18. Bd3 Qh3 19. Bf1 Qh6 20. Re3 Bd7 21. f3 Qxe3+ {0-1 (21) Zhang,Z (2645)-Bortnyk,O (2581) Doha 2016}) 11... Qc7 $146 ({Predecessor:} 11... Re8 12. Ne2 Bf8 13. Ng3 g6 14. c4 {1-0 (53) Boudriga,M (2303)-Saim,M (2037) Zeralda 2014}) 12. Ne2 Rfe8 13. Ng3 {The position is equal.} g6 14. c4 Bf8 15. d5 a5 16. dxc6 Bxc6 17. Bc2 Nc5 18. Nd2 Bh6 19. Nb1 Ne6 20. Nc3 Nd4 21. Nge2 Nxc2 22. Qxc2 Qb7 {[%cal Rf6e4]} 23. Ng3 Nd7 24. Rad1 Bf8 25. Nf1 Nc5 26. Ne3 Rad8 27. Ned5 Bg7 28. Bc1 Rf8 29. Be3 f5 30. f3 Rd7 31. Rd2 Rdf7 32. Nb5 Bxb5 (32... Rd7 $142) 33. axb5 Nd7 (33... fxe4 $16 {might work better.} 34. Bxc5 (34. fxe4 Qb8 $16) 34... dxc5) 34. Red1 $18 Rc8 35. Nc3 Bf8 36. Qd3 Nc5 (36... f4 $16) 37. Bxc5 $1 Rxc5 38. Qe3 (38. exf5 $18 {Black must now prevent Ne4.} gxf5 39. Qe3) 38... Rc8 39. Na4 (39. Nd5 $18) 39... Rb8 {[#]} 40. exf5 $1 gxf5 41. f4 Bh6 $2 (41... Qe4 $16 42. Qxe4 fxe4) 42. Rxd6 {[%cal Bd2d6,Bd6b6,Bb6c6][%mdl 32]} Bxf4 43. Qf2 Rg7 {[#] And now ...Be3! would win.} 44. g3 ({Less strong is} 44. Rxb6 Be3 $16) 44... h5 $2 (44... Qe7 45. Kh1 (45. Nxb6 Qh4 $18) 45... Bg5 46. Nxb6 f4) 45. Rxb6 {White is clearly winning.} Qc7 46. Rc6 Qf7 {and the idea ...h4 leaves Black hopeful.} 47. Kh1 Bg5 48. Nc5 Re8 49. Rd7 Re7 50. Rxe7 Bxe7 51. b6 {Strongly threatening b7.} Bxc5 52. Qxc5 h4 {Accuracy: White = 76%, Black = 37%.} 1-0

[Event "Maia Cup 2019"]
[Site "Tbilisi"]
[Date "2019.09.06"]
[Round "5.5"]
[White "Primbetov, Kazbek"]
[Black "Pantsulaia, Levan"]
[Result "0-1"]
[WhiteElo "2232"]
[BlackElo "2603"]
[Annotator "TA"]
[PlyCount "42"]
[EventDate "2019.09.05"]
[EventType "swiss"]
[EventCountry "GEO"]
[SourceTitle "playchess.com"]
[Source "ChessBase"]
[SourceQuality "1"]

{[%evp 16,42,-10,-29,-9,-24,-7,-35,-20,-67,-56,-62,-52,-59,-64,-118,-102,-151,-124,-143,-143,-210,-191,-215,-217,-191,-181,-318,-305]} 1. e4 c5 2. Nc3 a6 3. Nf3 e6 4. d4 cxd4 5. Nxd4 b5 {[%cal Bb7b5,Bb5b4][%mdl 32]} 6. g3 Bb7 7. Bg2 Nf6 8. O-O b4 9. Na4 Bxe4 {B43: Sicilian: Kan Variation: 5 Nc3} 10. Bxe4 Nxe4 11. Re1 Nc5 {Black is slightly better.} (11... d5 12. Qh5 Qf6 13. Be3 Nd7 14. f3 g6 15. Qg4 h5 16. Qh3 Nd6 17. Rad1 Be7 18. Nxe6 Qxe6 19. Qg2 Nf5 20. Bg5 Qc6 21. Bxe7 Nxe7 22. Qe2 O-O {0-1 (22) Jovanovic,Z (2534)-Andreikin,D (2737) Tallinn 2016}) 12. Qf3 {[#] And now Nxc5 would win.} Ra7 $1 13. Nxc5 Bxc5 14. Nb3 Bb6 $1 15. Qg4 (15. c4 $15) 15... Qf6 $17 16. Bg5 $146 ({Predecessor:} 16. Re2 a5 17. Bf4 {0-1 (38) Korchagina,V (2182)-Kindinova,E (2097) Smolensk 2008}) 16... Qxf2+ {[%mdl 64] [#] Double Attack} 17. Kh1 {Strongly threatening Rf1.} O-O 18. Re2 (18. Bd2 $17 Qf6 19. Bxb4) 18... f5 $19 19. Qh5 g6 20. Rxf2 gxh5 21. Rf4 (21. Rd2 $142) 21... Be3 0-1

[Event "Maia Cup 2019"]
[Site "Tbilisi"]
[Date "2019.09.06"]
[Round "5.6"]
[White "Sanikidze, Tornike"]
[Black "Tevzadze, Mariam"]
[Result "1-0"]
[WhiteElo "2515"]
[BlackElo "1906"]
[Annotator "TA"]
[PlyCount "49"]
[EventDate "2019.09.05"]
[EventType "swiss"]
[EventCountry "GEO"]
[SourceTitle "playchess.com"]
[Source "ChessBase"]
[SourceQuality "1"]

{[%evp 12,49,75,65,55,28,61,40,114,119,153,157,150,155,204,183,314,304,341,323,402,379,402,397,385,395,389,388,472,461,466,439,572,466,29989,29990,29990,875,29991,29992]} 1. d4 f5 2. c4 Nf6 3. Nc3 e6 4. Nf3 d5 5. Bf4 c6 6. e3 Be7 7. Qc2 O-O {A84: Dutch Defence: 2 c4 Miscellaneous} 8. O-O-O (8. h3 Ne4 9. Bd3 Nd7 10. g4 Ndf6 11. Ne5 Nxc3 12. bxc3 dxc4 13. Bxc4 Nd5 14. Bg3 Qa5 15. Rc1 Nxc3 16. Qd2 Bb4 17. Nd3 Nxa2 18. Nxb4 Nxc1 {1-0 (45) Ivanchuk,V (2739)-Bareev,E (2634) Moscow 2009}) 8... Ne4 9. Ne5 $146 ({Predecessor:} 9. Nxe4 fxe4 10. Ne5 Nd7 11. f3 Nxe5 12. Bxe5 b5 13. c5 Bg5 14. fxe4 Bxe3+ 15. Kb1 {1-0 (26) Iskusnyh,S (2440)-Listkov,I Novgorod 1997}) 9... Qa5 {[#]} (9... Nxc3 $14 10. bxc3 (10. Qxc3 g5 $14) 10... Nd7) 10. Nxe4 $1 $16 fxe4 11. Kb1 Nd7 {[#]} 12. f3 $1 Nf6 13. fxe4 dxe4 (13... Qd8 $142 14. Bd3 Bd7) 14. g4 $18 c5 15. g5 Nh5 16. Qxe4 cxd4 17. Bd3 {[%csl Gd3][%cal Re4h7]} Rf5 {White must now prevent ...dxe3.} 18. Qxd4 Bc5 19. Qe4 Nxf4 20. exf4 Qc7 21. Rhf1 a5 22. Qe2 Rf8 {[#]} (22... Qe7 $18 23. Bxf5 exf5) 23. Bxh7+ $1 {[%mdl 512]} Kxh7 24. Qh5+ Kg8 25. g6 {Accuracy: White = 73%, Black = 36%.} 1-0

[Event "Maia Cup 2019"]
[Site "Tbilisi"]
[Date "2019.09.06"]
[Round "5.7"]
[White "Petriashvili, Nikoloz"]
[Black "Arabidze, Meri"]
[Result "1/2-1/2"]
[WhiteElo "2441"]
[BlackElo "2398"]
[Annotator "TA"]
[PlyCount "127"]
[EventDate "2019.09.05"]
[EventType "swiss"]
[EventCountry "GEO"]
[SourceTitle "playchess.com"]
[Source "ChessBase"]
[SourceQuality "1"]

{[%evp 13,127,16,16,9,12,0,8,10,13,0,4,0,5,4,36,-12,39,4,22,25,60,51,58,-102,-13,-22,0,27,24,0,35,20,78,68,66,-45,-42,-90,-102,-113,0,0,0,-67,-22,-70,-71,-74,-63,-81,0,-68,-86,-87,-95,-94,-41,-54,-51,-127,-129,-125,-40,-45,-44,-36,-28,-57,-55,-71,-57,-59,-58,-137,-140,-143,-150,-138,-70,-218,-162,-246,-123,-118,-117,-144,-20,-25,-25,-97,-28,-100,-110,-607,0,0,0,0,0,0,0,0,0,0,0,0,0,0,0,0,0,0,0,0,0,0]} 1. c4 e5 2. g3 Nc6 3. Bg2 g6 4. Nc3 Bg7 5. e3 d6 6. Nge2 h5 7. h4 Bg4 8. b3 {A25: English Opening vs King's Indian with ...Nc6 but without early d3} (8. d3 Nge7 9. b3 g5 10. hxg5 h4 11. Rxh4 Rxh4 12. gxh4 Nf5 13. Kd2 Nxh4 14. Qh1 Nxg2 15. Qxg2 Qd7 16. Ba3 Bh3 {½-½ (45) Rodshtein,M (2673)-Korobov,A (2686) Skopje 2019}) 8... Nf6 9. Bb2 O-O 10. d3 $146 ({Predecessor:} 10. O-O Qd7 11. Kh2 Rae8 12. f3 Bf5 13. e4 Be6 {0-1 (31) Schuetzhold,F-Ziger,S (2280) Liechtenstein 1993}) 10... Rb8 11. Qd2 Ne7 12. d4 c6 13. O-O Qc7 14. Rad1 Rbd8 (14... Rfd8 $11) 15. Qc2 exd4 16. Rxd4 Nd7 17. Rd2 Ne5 18. f4 $2 {[#]} (18. e4 $14 {stays ahead.}) 18... Bxe2 (18... Nf5 $1 $17 {[%cal Rf5e3]} 19. fxe5 Nxe3 {[%mdl 64] Double Attack}) 19. Nxe2 $11 Ng4 20. Bxg7 Kxg7 21. Bf3 Qb6 22. Qc3+ Kg8 (22... Nf6 $11 {keeps the balance.}) 23. Bxg4 $16 hxg4 24. Nd4 (24. Rf2 $1 $14) 24... c5 $1 $15 {[%cal Rc5d4]} 25. Ne2 d5 26. Rfd1 {[%cal Rc4d5]} dxc4 (26... Rfe8 $17 27. Kf2 (27. cxd5 Nf5 $17) 27... Nf5 {[%mdl 64] Discovered Attack} 28. Rxd5 Rxd5 29. Rxd5 Qc6) 27. Qxc4 $11 Nf5 {[%cal Be7f5,Bf5d6,Bd6e4][%mdl 32]} 28. Kf2 (28. Rxd8 $11 Rxd8 29. Rxd8+ Qxd8 30. Kf2) 28... Nd6 29. Qa4 c4 $1 $36 {[%mdl 2048] aiming for ...Ne4+. Black has strong initiative.} 30. Rd4 cxb3 31. Qxb3 Qc6 (31... Ne4+ $17 32. Ke1 Qxb3 33. axb3 Rxd4 34. Rxd4 f5) 32. Rd5 (32. Kg1 $11) 32... Ne4+ $15 33. Kf1 Rxd5 34. Qxd5 Qxd5 (34... Qc2 $17 35. Qd3 Rc8) 35. Rxd5 $17 {[%mdl 4096] Endgame KRN-KRN} f5 36. h5 (36. Kg2 $15) 36... gxh5 37. Kg2 Kg7 (37... Rf6 $17 38. Nd4 Ra6 39. Nxf5 Rxa2+ 40. Kg1 a5) 38. Nd4 $15 Kg6 39. Re5 Nc3 40. a3 Rf6 41. Rc5 Ne4 42. Re5 Nd2 43. a4 (43. Rc5 $15) 43... Nc4 $17 44. Re7 Ra6 45. Rxb7 Rxa4 (45... Nxe3+ $17 46. Kf2 Nd5) 46. Re7 (46. Ne6 $1 $15) 46... Ra3 {And now ...h4 would win.} 47. e4 {[#]} (47. Kf2 $142) 47... Ra2+ (47... fxe4 $1 $19 48. Rxe4 Re3 49. Rxe3 Nxe3+ 50. Kf2 Nc4) 48. Kg1 fxe4 49. Rxe4 Nd2 ({Better is} 49... a5 $17 {Threatens to win with ...Kf7.} 50. Nb5 Nd2 51. Re6+ Kg7) 50. Re6+ $11 Kf7 51. Rh6 (51. Re5 $11) 51... Ra3 ({Black should try} 51... Ra5 $17 {Strongly threatening ...Ne4.} 52. Nc6 Ra3 53. Rxh5 Rxg3+ 54. Kf2 Ne4+ 55. Ke2 Ra3 56. Rf5+ Kg7) 52. Nf5 (52. Rxh5 $11 {remains equal.} Rxg3+ 53. Kf2 Ne4+ 54. Ke2) 52... Ne4 $17 53. Rxh5 $2 {[%mdl 8192]} (53. Kg2 $17) 53... Nxg3 $2 (53... Ra1+ $19 54. Kg2 Kg6) 54. Nxg3 $11 {The position is equal.} Rxg3+ $17 {KR-KR} 55. Kf2 $1 {[%cal Rf2g3]} Ra3 56. Rg5 {[#]} g3+ $1 {[%mdl 512]} 57. Kg2 (57. Rxg3 Rxg3) 57... a5 58. Rb5 (58. Rd5 {feels hotter.} Ke6 59. Re5+ Kf6 60. Rc5 Ra1 61. Kxg3 a4 62. Ra5) 58... Kf6 59. Rc5 Ke6 60. Rb5 Kf6 61. Rc5 a4 {Hoping for ...Rd3.} 62. Ra5 Ke6 63. Kh3 Kf6 64. Kg2 {Accuracy: White = 35%, Black = 35%.} 1/2-1/2

[Event "Maia Cup 2019"]
[Site "Tbilisi"]
[Date "2019.09.06"]
[Round "6.1"]
[White "Fier, Alexandr"]
[Black "Quparadze, Giga"]
[Result "1/2-1/2"]
[WhiteElo "2549"]
[BlackElo "2462"]
[Annotator "TA"]
[PlyCount "108"]
[EventDate "2019.09.05"]
[EventType "swiss"]
[EventCountry "GEO"]
[SourceTitle "playchess.com"]
[Source "ChessBase"]
[SourceQuality "1"]

{[%evp 19,108,10,16,0,2,0,0,5,7,7,21,24,21,-22,-20,-24,-17,-10,-16,-12,-8,-13,-6,-13,-6,-21,-19,-13,-24,-47,-20,-42,-15,-65,-72,-65,0,0,0,0,0,-27,-17,-87,-6,-117,-133,-300,-271,-470,-477,-444,-439,-439,-290,-273,-265,-271,-262,-365,-371,-481,-258,-225,-171,-156,-2,-2,-2,-6,-6,-139,-92,-139,-139,-139,-139,-139,-139,-139,-139,-132,0,0,0,-132,0,0,0,-133,0]} 1. Nf3 Nf6 2. c4 e6 3. g3 d5 4. b3 b6 5. Bg2 Bb7 6. O-O Be7 7. Bb2 O-O 8. e3 c5 9. Nc3 Nbd7 10. Qe2 Rc8 11. Rad1 {A14: English Opening: 1...e6 with b3 by White} (11. Rac1 Qc7 12. Rfd1 Qb8 13. h3 Rfd8 14. d3 Bf8 15. g4 h6 16. cxd5 Nxd5 17. Ne4 Nb4 18. a3 Nc6 19. g5 h5 20. g6 fxg6 {0-1 (59) Iturrizaga Bonelli,E (2652)-Gharamian,T (2624) Lisbon 2017}) 11... Qc7 12. Nh4 dxc4 13. bxc4 {The position is equal.} Bxg2 14. Nxg2 Qb7 $146 ({Predecessor:} 14... Qc6 15. f4 a6 16. e4 b5 17. e5 b4 18. Nb1 Ne8 {1-0 (31) Gonda,L (2531)-Ashton,A (2326) Daventry 2019}) 15. f4 Ne4 16. f5 (16. Nxe4 {looks sharper.} Qxe4 17. d3 Qc6 18. e4 Bf6 19. e5) 16... Nxc3 17. Bxc3 Bf6 18. Bxf6 Nxf6 19. fxe6 fxe6 20. d3 Qd7 21. g4 Qe7 22. g5 Nd7 23. h4 Ne5 24. Nf4 Qd6 25. Qg2 Ng6 {[%cal Rg6f4]} 26. Nxg6 hxg6 27. Qh3 Rf5 (27... Qe5 $15) 28. e4 $11 Rff8 29. Kg2 Qe5 30. Qg3 Qc3 31. Qd6 (31. Qe1 $11 Qb2+ 32. Qd2) 31... Qb2+ (31... Rcd8 $17 32. Rxf8+ (32. Qxe6+ Kh7 $17) 32... Rxf8) 32. Kg3 (32. Kg1 $11) 32... Rce8 $17 33. a4 $2 (33. Rf4 $17) 33... Qe2 34. Qd7 $2 (34. Rde1 {was the only chance.} Qd2 35. Kh3) 34... Rd8 $19 35. Qxe6+ {[#]} Kh7 $1 {[%mdl 512]} 36. Qg4 Rxd3+ 37. Rxd3 Qxf1 {[%mdl 4096] Endgame KQR-KQR} (37... Qxd3+ 38. Rf3 $17) 38. Rf3 Qe1+ 39. Kh3 Re8 40. h5 Qxe4 (40... Qh1+ $142 41. Kg3 Qg1+ 42. Kh3 Qxg4+ 43. Kxg4 Rxe4+ {[%mdl 64] Double Attack} 44. Kg3 gxh5) 41. h6 Qxg4+ 42. Kxg4 {And now Rf7 would win. KR-KR} Re7 $2 ({Much weaker is} 42... gxh6 $6 43. Rf7+ Kg8 44. Rxa7 $11) ({Black should play} 42... Re4+ $17 43. Kg3 Re5) 43. hxg7 $11 Kxg7 44. Rd3 $1 Kf7 45. Kf4 (45. Rf3+ $11 Kg8 46. Rf6) 45... Ke6 $17 46. Re3+ Kd6 $1 {Threatens to win with ...Rxe3.} 47. Rxe7 Kxe7 {KP-KP} 48. Ke5 a6 $1 49. Kd5 Kd7 {Strongly threatening ...Kc7.} 50. Ke5 Kc7 (50... Kc8 $1 $17 {[%cal Rc8d7] White must now prevent ...Kd7.} 51. Kf6 b5 $1 {[%mdl 512]} 52. axb5 (52. cxb5 $2 c4 $19) 52... axb5 53. Kxg6 (53. cxb5 $2 c4 $19) 53... bxc4) 51. Kd5 $1 $11 Kd7 (51... Kb7 $11 52. Kd6 Ka7) 52. Ke5 $1 $17 Ke7 53. Kd5 {Hoping for Kc6.} Kd7 {aiming for ...Kc7.} 54. Ke5 $1 {[#]} Ke7 {Accuracy: White = 46%, Black = 50%.} ({Better is} 54... Kc8 $1 $17 {[%cal Rc8d7]} 55. Kf6 {[#]} b5 $1 {[%mdl 512]} 56. axb5 (56. cxb5 $2 c4 $19) 56... axb5 57. Kxg6 (57. cxb5 $2 c4 $19) 57... bxc4) 1/2-1/2

[Event "Maia Cup 2019"]
[Site "Tbilisi"]
[Date "2019.09.06"]
[Round "6.2"]
[White "Maghalashvili, Davit"]
[Black "Jojua, Davit"]
[Result "1-0"]
[WhiteElo "2500"]
[BlackElo "2563"]
[Annotator "ChessBase"]
[PlyCount "75"]
[EventDate "2019.09.05"]
[EventType "swiss"]
[EventCountry "GEO"]
[SourceTitle "playchess.com"]
[Source "ChessBase"]
[SourceQuality "1"]
[TimeControl "900+10"]

1. Nf3 {[%emt 0:00:00]} Nf6 {[%emt 0:00:00]} 2. c4 {[%emt 0:00:00]} g6 {[%emt 0:00:00]} 3. g3 {[%emt 0:00:00]} Bg7 {[%emt 0:00:00]} 4. Bg2 {[%emt 0:00:00]} O-O {[%emt 0:00:02]} 5. O-O {[%emt 0:00:02]} d6 {[%emt 0:00:01]} 6. d4 {[%emt 0:00:02]} Nbd7 {[%emt 0:00:20]} 7. Nc3 {[%emt 0:00:04]} e5 {[%emt 0:00:03]} 8. h3 {[%emt 0:00:22]} c6 {[%emt 0:00:03]} 9. e4 {[%emt 0:00:04]} Qa5 {[%emt 0:00:37]} 10. Be3 {[%emt 0:00:49]} Re8 {[%emt 0:00:49]} 11. d5 {[%emt 0:00:19]} cxd5 {[%emt 0:00:08]} 12. cxd5 {[%emt 0:00:05]} Nc5 {[%emt 0:00:15]} 13. Nd2 {[%emt 0:00:19]} Bd7 {[%emt 0:00:07]} 14. a3 {[%emt 0:03:05]} Na4 {[%emt 0:01:22]} 15. Nxa4 {[%emt 0:00:40]} Bxa4 {[%emt 0:00:07]} 16. b3 {[%emt 0:01:50]} Bd7 {[%emt 0:00:49]} 17. Nc4 {[%emt 0:00:14]} Qa6 {[%emt 0:00:25]} 18. a4 {[%emt 0:00:05]} Rec8 {[%emt 0:03:44]} 19. Re1 {[%emt 0:00:30]} Rxc4 {[%emt 0:01:44]} 20. bxc4 {[%emt 0:01:04]} Qxc4 {[%emt 0:00:04]} 21. Qc1 {[%emt 0:01:18]} Qa6 {[%emt 0:01:27]} 22. Bf1 {[%emt 0:01:28]} Qa5 {[%emt 0:00:03]} 23. Qd2 {[%emt 0:00:14]} Qd8 {[%emt 0:00:29]} 24. Qb4 {[%emt 0:00:08]} a5 {[%emt 0:00:42]} 25. Qb1 {[%emt 0:00:42]} Qe8 {[%emt 0:00:36]} 26. Bb5 {[%emt 0:00:26]} Bxb5 {[%emt 0:00:08]} 27. axb5 {[%emt 0:00:02]} Nd7 {[%emt 0:00:16]} 28. Rc1 {[%emt 0:00:30]} b6 {[%emt 0:00:56]} 29. Rc6 {[%emt 0:00:08]} Qb8 {[%emt 0:00:03]} 30. Qc2 {[%emt 0:00:13]} Bf8 {[%emt 0:00:18]} 31. Kg2 {[%emt 0:00:38]} Nc5 {[%emt 0:00:32]} 32. Qc4 {[%emt 0:00:31]} Ra7 {[%emt 0:01:22]} 33. Rd1 {[%emt 0:00:59]} Rd7 {[%emt 0:00:16]} 34. h4 {[%emt 0:00:16]} h5 {[%emt 0:00:28]} 35. Bxc5 {[%emt 0:00:20]} dxc5 {[%emt 0:00:01]} 36. d6 {[%emt 0:00:11]} Rxd6 {[%emt 0:00:21]} 37. Rdxd6 {[%emt 0:00:05]} Bxd6 {[%emt 0:00:02]} 38. Qd5 {[%emt 0:00:03]} 1-0

[Event "Maia Cup 2019"]
[Site "Tbilisi"]
[Date "2019.09.06"]
[Round "6.3"]
[White "Jobava, Baadur"]
[Black "Volkov, Nika"]
[Result "1-0"]
[WhiteElo "2617"]
[BlackElo "2066"]
[Annotator "TA"]
[PlyCount "87"]
[EventDate "2019.09.05"]
[EventType "swiss"]
[EventCountry "GEO"]
[SourceTitle "playchess.com"]
[Source "ChessBase"]
[SourceQuality "1"]

{[%evp 9,87,12,35,13,25,23,33,25,19,23,41,42,49,43,70,20,177,177,177,155,157,122,166,128,116,106,117,108,100,60,85,95,91,89,100,-154,-141,-130,-125,-129,-129,-157,-144,-159,-100,-87,-32,-29,-34,-31,0,0,27,0,0,0,30,31,39,37,37,37,37,30,35,39,153,154,124,145,389,381,547,536,516,511,461,270,487,435]} 1. d4 d5 2. c4 c6 3. Nf3 e6 4. Qc2 Nf6 5. Bg5 Bb4+ (5... Nbd7 6. Nbd2 Qa5 7. g3 h6 8. Bxf6 Nxf6 9. Bg2 Be7 10. O-O O-O 11. Ne5 Rd8 12. a3 Qc7 13. Nd3 a5 14. Rac1 {0-1 (66) Dreev,A (2643)-Duda,J (2591) Jerusalem 2015}) 6. Nbd2 {D30: Queen's Gambit Declined: Systems without Nc3} Nbd7 7. e3 O-O 8. cxd5 {White is slightly better.} exd5 9. Bd3 Qa5 10. O-O Re8 $146 ({Predecessor:} 10... a6 11. a3 Bd6 12. Rfe1 Re8 13. e4 dxe4 14. Nxe4 Nxe4 15. Bxe4 {1-0 (40) De Groote,E (2225)-Pronk,S (2050) Amsterdam 2019}) 11. a3 Bd6 12. b4 Qd8 $2 {[#]} (12... Qc7 $11) 13. Bxh7+ $1 $18 {[%mdl 576] Pin} Kh8 (13... Nxh7 14. Bxd8) 14. Bf5 Nf8 15. Rfb1 g6 16. Bxc8 Rxc8 17. Qd3 Ne6 18. Bxf6+ Qxf6 19. b5 c5 20. dxc5 Rxc5 21. Nb3 Rc3 22. Qxd5 $2 {[%mdl 8192]} (22. Qd1 $16) 22... Rd8 $17 {White must now prevent ...Bxh2+!} 23. Qxb7 {Nfd4 is the strong threat.} Rxb3 $1 24. a4 Bc5 25. h4 Kg7 26. Qe4 Rxb1+ (26... Rdd3 $142 {[%cal Rd3e3]} 27. Re1 Bb4) 27. Rxb1 Qf5 (27... Bb6 $17 28. Rc1 Rd7) 28. Qxf5 $15 gxf5 29. g3 Rd3 30. a5 $1 Kf6 31. Kg2 Rd6 32. h5 Nd8 33. h6 {Threatens to win with Rh1.} Ne6 34. h7 Kg7 35. Rh1 Rd8 36. Rh5 {With the idea Ne5.} Rh8 37. Rxf5 Rxh7 ({Black should try} 37... f6 $14) 38. Ng5 $16 Kg6 {[#]} 39. Rxc5 $1 Nxg5 $2 {[#]} (39... Nxc5 $16 {was called for.} 40. Nxh7 Kxh7) 40. Rc7 $1 $18 Rh5 (40... Rh8 $142 41. Rxa7 Rb8) 41. Rxa7 Ne4 42. b6 Rb5 43. b7 (43. Ra8 $142) 43... Kf5 $2 (43... Nc5 44. a6 Kf5) 44. a6 {Accuracy: White = 60%, Black = 29%.} 1-0